LEADER 00445nab a2200133 i 4500 001 000000266537 003 CaOOAMICUS 005 20180831164736.0 008 180831n xx uu u0 0und r 013 $a10618 040 $aSeMil$bita 245 10$a[vedi periodico]. 773 0 $tFilologia Klasyczna.$dLublin : Towarzystwo Naukowe Katolickiego Uniwersytetu Lubelskiego, 2004 (copyr. 2005)$w()161858 996 $6245$a[vedi periodico]$9(OLS)http://semarc/title/309439 LEADER 00636nab a2200145 i 4500 001 000000287049 003 CaOOAMICUS 005 20180831165343.0 008 180831n xx uu u0 0und r 013 $a40730 040 $aSeMil$bita 245 10$aErwachsenekatechese zwischen Wissen und Erfahrung. - 24 p. :$bnotazione musicale. - Titolo principale dalla copertina. 500 $a2003/2. 773 0 $tBeiheft zu den Katechetischen Blättern [2003].$dMünchen : Kösel, 2003.$w()241016 996 $6245$aErwachsenekatechese zwischen Wissen und Erfahrung. - 24 p. :$bnotazione musicale. - Titolo principale dalla copertina$9(OLS)http://semarc/title/367445